Co było pierwsze? - Statystyki

Ogólne statystyki
  • Ten quiz został rozwiązany 3 685 razy
  • Średni wynik to 10 z 18
Statystyki odpowiedzi
Zagadnienie Odpowiedź % Poprawnych
Wczesne wynalazki Ogień
87%
Książki z Harrym Potterem Harry Potter i Komnata Tajemnic
81%
Kapitulacja w II wojnie światowej Niemcy
73%
Zwierzęta Owady
73%
Niepodległe państwa Meksyk
69%
Wojny Wojna stuletnia
60%
Religie Buddyzm
59%
Okresy geologiczne Jura
57%
Parki Disneya Disneyland
55%
Królowie Anglii Król Edward I
54%
Produkty technologiczne Facebook
52%
Pasma górskie Appalachy
50%
Prezydenci USA James Madison
48%
Dynastie Chin Dynastia Han
47%
Łańcuchy wysp według najwcześniejszych osad ludzkich Hawaje
44%
Kompozytorzy klasyczni J.S. Bach
44%
Stany USA Kalifornia
44%
Filmy Keanu Reeves Speed: Niebezpieczna prędkość
34%
Nie znaleziono quizów pasujących do podanych kryteriów
Rozkład punktacji
Procent ludzi z każdym wynikiem
Percentyl według liczby udzielonych odpowiedzi
Twoja historia wyników
Nie rozwiązałeś tego quizu